000
00320 a2200133 4500
020
_a
9690005146
082
_a
891.43903
090
_c
5669
_d
5669
245
_a
Feroz-ul-Lughat Jame
260
_a
Karachi:
_b
Feroz Sons.
300
_a
1472 p. ;
_c
26 cm.
650
_a
Urdu Language--Dictionary
942
_c
BK
_k
891.43903 FER
999
_c
9515
_d
9515